„Prawda czy Mit?” – 20 pytań - Statystyki

Ogólne statystyki
  • Ten quiz został rozwiązany 27 razy
  • Średni wynik to 11 z 20
Statystyki odpowiedzi
Zagadnienie Odpowiedź % Poprawnych
Na Antarktydzie jest czynna poczta, do której można wysyłać listy jak z normalnego miasta. Prawda
92%
W Singapurze można dostać grzywnę za żucie gumy w miejscach publicznych. Prawda
92%
W Brazylii istnieje gatunek mrówki, który „uprawia” grzyby jak rolnik. Prawda
80%
W Nowej Zelandii jest przepis, że wszystkie psy muszą mieć krawat w poniedziałki. Mit
76%
W Rosji jest miasto, które nigdy nie widziało słońca przez prawie 6 miesięcy. Prawda
76%
W Kanadzie istnieje jezioro o kolorze różowym. Prawda
76%
W Japonii istnieje wyspa, gdzie żyją tylko królikowate mutanty. Mit
72%
Na Grenlandii są rzeki, które zamarzają w ciągu jednej nocy nawet latem. Prawda
64%
W Nepalu jest legalne jeżdżenie na rowerze po dachach domów. Mit
60%
Najdłuższa wojna w historii trwała 335 lat między Holandią a Wyspami Scilly. Prawda
52%
Najstarsze drzewo na świecie ma ponad 9 tysięcy lat. Prawda
52%
W Chinach żyje „słoniowata ryba” ważąca ponad 2 tony. Prawda
48%
W Finlandii istnieje urząd, który oficjalnie nadaje imiona noworodkom. Prawda
48%
W Wenezueli istnieje wodospad, który płynie do góry przez część roku. Prawda
48%
W Indiach używa się alfabetu, który nie posiada samogłosek. Mit
44%
Na Malediwach każdy domek musi być co 50 lat przenoszony wyżej z powodu erozji. Mit
40%
W Etiopii są aż 13 miesiące w roku. Prawda
40%
W Japonii istnieje miasto, w którym oficjalnie obowiązuje zakaz posiadania kotów. Mit
36%
W Turcji można legalnie kupić chleb z woskiem pszczelim. Mit
20%
W Afryce Południowej istnieje krzemionkowa pustynia, która świeci w nocy. Mit
12%
Nie znaleziono quizów pasujących do podanych kryteriów
Rozkład punktacji
Procent ludzi z każdym wynikiem
Percentyl według liczby udzielonych odpowiedzi
Twoja historia wyników
Nie rozwiązałeś tego quizu